000 00263nam a2200097Ia 4500
001 660459
005 20250826160114.0
008 250824s9999 xx 000 0 und d
245 0 _aİNSAN NE İLE YAŞAR ANTİK YENİ
_cTOLSTOY
260 _bANTİK DÜNYA KLASİKLERİ
999 _c660459
_d660459